000 00711nam a2200181 a 4500
001 000039786
005 20201002033731.0
008 130719s2010 pe 000 0 spa d
020 _a9789995413385
040 _aDO-SdBNP
_bspa
_cBNPHU
082 _axxx
100 1 _aMendieta, Pilar
_965982
245 1 0 _aEntre la alianza y la confrontación :
_bPablo Zárate Willka y la rebelión indígena de 1899 en Bolivia /
_cPilar Mendieta.
260 _aLa Paz, Bolivia :
_bPlural Editores,
_bInstituto Francés de Estudios Andinos,
_c2010.
300 _a331 p. ;
_c25 cm.
490 1 _aTravaux de l´Institut français d´Études Andines
_v285
830 0 _aTravaux de l´Institut français d´Études Andines
_v285
_965983
999 _c39276
_d39276